|
|
|
|
| LEADER |
00000nam0a2200000 4500 |
| 001 |
599230 |
| 005 |
20231101132037.0 |
| 029 |
0 |
0 |
|a RU
|b 4714-В
|f ВИНИТИ
|
| 035 |
|
|
|a (RuTPU)RU\TPU\tpu\23127
|
| 035 |
|
|
|a RU\TPU\tpu\23118
|
| 090 |
|
|
|a 599230
|
| 100 |
|
|
|a 20130419j19860630k y0rusy50 ca
|
| 101 |
0 |
|
|a rus
|
| 102 |
|
|
|a RU
|
| 105 |
|
|
|a y z 000zy
|
| 200 |
1 |
|
|a Кинетика нагрева и испарения конденсированных частиц в плазме с учетом зависимости ее термодинамических параметров от температуры
|f И. А. Тихомиров [и др.]
|g Томский политехнический институт (ТПИ)
|
| 210 |
|
|
|a Томск
|d 1986
|
| 215 |
|
|
|a 21 с.
|c ил.
|
| 300 |
|
|
|a Деп. в ВИНИТИ 30.06.86, № 4714-В
|
| 320 |
|
|
|a Библиогр.: 12 назв.
|
| 333 |
|
|
|a В фонде НТБ ТПУ отсутствует
|
| 610 |
1 |
|
|a труды учёных ТПУ
|
| 610 |
1 |
|
|a депонированные рукописи
|
| 701 |
|
1 |
|a Тихомиров
|b И. А.
|c российский физик
|c доктор физико-математических наук, профессор Томского политехнического университета
|f 1921-2010
|g Иван Арсентьевич
|x TPU
|2 stltpush
|3 (RuTPU)RU\TPU\pers\18334
|4 070
|
| 701 |
|
1 |
|a Умнов
|b С. П.
|c физик
|c старший научный сотрудник Томского политехнического университета, кандидат физико-математических наук
|f 1957-
|g Сергей Павлович
|2 stltpush
|3 (RuTPU)RU\TPU\pers\33547
|
| 701 |
|
1 |
|a Вяткин
|b С. П.
|
| 701 |
|
1 |
|a Мамыргазиев
|b С. Т.
|
| 712 |
0 |
2 |
|a Томский политехнический институт (ТПИ)
|c (1944-1991)
|2 stltpush
|3 (RuTPU)RU\TPU\col\1123
|
| 801 |
|
1 |
|a RU
|b 63413507
|c 20120220
|
| 801 |
|
2 |
|a RU
|b 63413507
|c 20150212
|g RCR
|
| 942 |
|
|
|c BK
|